Guía para celebrar la Penitencia: según el nuevo ritual
Salvato in:
| Ente Autore: | |
|---|---|
| Natura: | Libro |
| Lingua: | spagnolo |
| Pubblicazione: |
Madrid
Alfredo Ortells
1984
|
| Edizione: | 3a. ed |
| Soggetti: | |
| Tags: |
Aggiungi Tag
Nessun Tag, puoi essere il primo ad aggiungerne!!
|
MARC
| LEADER | 00000cam a2200000 a 4500 | ||
|---|---|---|---|
| 001 | UCC6859 | ||
| 003 | CL-VaPUC | ||
| 008 | 190118e19840000sp |||||||||||||||||spa|d | ||
| 020 | |a 8428803277 | ||
| 082 | 0 | 4 | |a 234.166 |b SEC |2 21 |
| 110 | 2 | |a Secretariado Nacional de Liturgia |e author |9 601385 | |
| 245 | 1 | 0 | |a Guía para celebrar la Penitencia: según el nuevo ritual |
| 250 | |a 3a. ed | ||
| 300 | |a 165 p | ||
| 942 | |c BK | ||
| 945 | |d 20190118 13:18:00 |a dcastane | ||
| 260 | |a Madrid |b Alfredo Ortells |c 1984 | ||
| 650 | 0 | |a Penitencia |9 366153 | |
| 650 | 0 | |a Sacramentos |9 257270 | |
| 650 | 0 | |a Ritos sagrados |9 389594 | |
| 650 | 0 | |a Iglesia Católica |9 256114 | |
| 583 | |a last modification |c 20190118 13:18:00 |k Rodrigo Vera | ||
| 999 | |c 373709 |d 373707 | ||
| 952 | |0 0 |1 0 |3 erb |4 0 |6 234_166000000000000_SEC_1984 |7 0 |8 A |9 491922 |a BIBTEO |b BIBTEO |i 5529190 |o 234.166 SEC 1984 |p 5529190 |r 2025-01-17 |w 2019-11-24 |y BK |z Catalogado en:20190118 |k ICR | ||